| 000 | 00450nam a2200157Ia 4500 | ||
|---|---|---|---|
| 008 | 151213s9999 xx 000 0 und d | ||
| 020 | _a0-87207-499-4 | ||
| 100 | _aBonita L. Wilcon | ||
| 245 |
_aThinking And Writing For Publication _cBonita L. Wilcon |
||
| 260 |
_aNew York _bInternational Reading Association _c2002 |
||
| 300 | _a6481 p. | ||
| 650 | _aEnglish Language | ||
| 650 | _aEnglish Language | ||
| 700 | _aBonita L. Wilcon | ||
| 999 |
_c3572 _d3572 |
||